000 00539nam a22001817a 4500
003 CEME
005 20210628205445.0
008 210316b xxu||||| |||| 00| 0 eng d
020 _a0-89006-572-1
040 _c.
082 _a621.38275 PAP'I
100 _aPapannareddy, Rajappa
_963428
245 _aIntroduction to lightwave communication systems
260 _aLONDON
_bARTECH HOUSE
_c1997
300 _aXII, 249P
650 _aOPTICAL COMMUNICATION OPTICAL FIBERS FIBER OPTICS LASER COMMUNICATION SYSTEMS
_975650
942 _cBK
_2ddc
999 _c581045
_d581045